Cultural barriers in knowledge sharing

Saved in:
Bibliographic Details
Main Author: Bureš, Vladimír
Format: Book Chapter
Language:English
Subjects:
Tags: Add Tag
No Tags, Be the first to tag this record!

MARC

LEADER 00000naa$a2200000$$$4500
001 0028807
005 20231004104205.2
041 0 |a eng 
044 |a CZ 
245 1 0 |a Cultural barriers in knowledge sharing  |c Vladimír Bureš 
610 2 0 |a riadenie znalostí 
610 2 0 |a vedomosti 
610 2 0 |a kultúra 
610 2 0 |a vzťahy spoločenské 
610 2 0 |a konflikty 
100 1 |a Bureš, Vladimír